• 首页
  • 本馆介绍
  • 公告通知
  • 最新文献
  • 馆藏检索
  • 电子资源
  • 读者导购
  • 参考咨询
  • 我的图书馆
  • 登录
  • 详细信息显示
  • 放入我的书架
  • 预约/预借图书
  • 作者相关作品
  • 分类相关作品
  • 丛书相关作品
  • 出版社相关作品

书目信息

  • 表格格式
  • 工作单格式
  • 卡片格式
题名:
胎教故事
    
 
作者: 正弘 著 ;金承妍 , 金海英 绘
分册:   每天5分钟妈妈的声音
出版信息: 福州   福建科学技术出版社  2018.09
页数: 272页
开本: 20cm
丛书名:
单 册:
中图分类: G61
科图分类:
主题词: 胎教--tai jiao--基本知识
电子资源:
ISBN: 978-7-5335-5279-4
000 01027nam0 2200277 450
001 0109110059
005 20201109110334.0
010    @a978-7-5335-5279-4@dCNY58.00
100    @a20181114d2018 em y0chiy50 ea
101 1  @achi@ckor
102    @aCN@b350000
105    @aa z 000yy
106    @ar
200 1  @a胎教故事@Atai jiao gu shi@i每天5分钟妈妈的声音@f(韩)正弘著@g(韩)金承妍绘@g金海英译
210    @a福州@c福建科学技术出版社@d2018.09
215    @a272页@c彩图@d20cm
305    @a由Beijing Land of Wisdom Books公司授权出版
312    @a版权页分辑英文题名:5 minutes of hearing mother's voice
330    @a本书是专门为妈妈准备的、关于成长的胎教童话,带领读者进入一个真善美的世界。每个故事分为三部分:妈妈的童话、每天5分钟的声音胎教童话、妈妈对孩子的寄语。
606 0  @a胎教@Atai jiao@x基本知识
690    @aG61@v5
701  0 @c(韩)@a正弘@Azheng hong@4著
702  0 @c(韩)@a金承妍@Ajin cheng yan@4绘
702  0 @a金海英@Ajin hai ying@4译
801  0 @aCN@bBJSZM@c20201103
905    @b1266146-50@dG61@e1448@f5
    
    胎教故事.每天5分钟妈妈的声音/(韩)正弘著/(韩)金承妍绘/金海英译.-福州:福建科学技术出版社,2018.09
    272页:彩图;20cm
    
    
    ISBN 978-7-5335-5279-4:CNY58.00
    本书是专门为妈妈准备的、关于成长的胎教童话,带领读者进入一个真善美的世界。每个故事分为三部分:妈妈的童话、每天5分钟的声音胎教童话、妈妈对孩子的寄语。
●
相关链接 在E读中查询图书 在五车中查询图书 在当当中查询图书 在豆瓣中查询图书


正题名:胎教故事     索取号:G61/1448         预约/预借

序号 登录号 条形码 馆藏地/架位号 状态 备注
1 1266146   212661467   第一样本阅览室/ [索取号:G61/1448] 在馆    
2 1266147   212661476   教育系资料室/ [索取号:G61/1448] 在馆    
3 1266148   212661485   教育系资料室/ [索取号:G61/1448] 在馆    
4 1266149   212661494   第四借阅区/ [索取号:G61/1448] 在馆    
5 1266150   212661500   第四借阅区/ [索取号:G61/1448] 在馆    
唐山师范学院图书馆 欢迎您!
大连网信软件有限公司© 版权所有